1591 1030 1379 1137 1020 1993 1366 1720 1671 1784 1946 1015 1680 1610 1112 1442 1200 1996 1872 1043 1102 1827 1519 1301 1422 1620 1279 1735 1174 1361 1017 1991 1275 1799 1119 1038 1878 1691 1411 1585 1077 1199 1840 1316 1278 1301 1479 1515 1278 1901 1155 1620 1804 1429 1303 1047 1219 1737 1180 1073 1730 1756 1667 1964 1584 1343 1803 1773 1273 1821 1215 1957 1114 1493 1746 1754 1941 1684 1780 1552 1511 1103 1858 1920 1077 1707 1608 1727 1357 1016 1786 1578 1280 1333 1910 1424 1781 1735 1404 BCNSPRNW ULIB Ver.6.0+V

เปลี่ยนเป็นภาษาไทย

Change to English
 แสดงรายละเอียดบรรณานุกรม
  กลับหน้าหลัก

Brief Record : Get Marc (ISO 2709) : E-mail record : QR code < ปิดหน้าต่าง
LEADER : 00000nam 2200000uu 4500
001    13399107666
003     ULIB
008    110114s2539th 000 0 tha d
020    9748430073
020    9789748430072
060 04 QS4^bว727ก 2539
100 0  วิไล ชินธเนศ
245 10 กายวิภาคศาสตร์ของมนุษย์ =^bHuman anatomy /^cวิไล ชินธเนศ,ธันวา ตันสถิตย์ และ มนตกานต์ ตันสถิตย์
246 31 Human anatomy
250    พิมพ์ครั้งที่ 3
260    กรุงเทพฯ :^bเฟื่องฟ้า,^c2539
300    304, [xxi] :^bภาพประกอบ ;^c29 ซม.
650  7 กายวิภาคศาสตร์
700 0  มนตกานต์ ตันสถิตย์
700 0  ธันวา ตันสถิตย์
710 2  จุฬาลงกรณ์มหาวิทยาลัย. ^bคณะแพทยศาสตร์.^bภาควิชากายวิภาคศาสตร์
945    ^p180^l0^i018827
945    ^p180^l0^i017653
995    เกษร
999 ^a ใช้งานได้ทุกระบบ
รายการนี้ยังไม่มีแท็ก
คุณยังไม่ได้ล็อกอิน คุณสามารถมีกิจกรรมร่วมกับเว็บไซต์ได้ แต่ต้องล็อกอินก่อน ::
  ล็อกอิน

รายการสื่อสารสนเทศ

ลำดับที่ ประเภท เลขเรียก/บาร์โค้ด สถานที่ สถานะ
- ไม่พบข้อมูล -

รายการใกล้เคียง
    ผู้แต่ง [วิไล ชินธเนศ]

    หัวเรื่อง [กายวิภาคศาสตร์]

BibComment


ยังไม่เคยถูกคอมเมนท์

คอมเมนท์ทรัพยากรรายการนี้
  คอมเมนท์: กายวิภาคศาสตร์ของ..


 Copyright 2026. Bcnsprnw @Library